<?xml version="1.0" encoding="UTF-8"?>
<record
    xmlns:xsi="http://www.w3.org/2001/XMLSchema-instance"
    xsi:schemaLocation="http://www.loc.gov/MARC21/slim http://www.loc.gov/standards/marcxml/schema/MARC21slim.xsd"
    xmlns="http://www.loc.gov/MARC21/slim">

  <leader>00781nam a2200241Ia 4500</leader>
  <controlfield tag="001">858</controlfield>
  <controlfield tag="003">GE_BSU</controlfield>
  <controlfield tag="008">181216s||||||||xx |||||||||||||| ||und||</controlfield>
  <datafield tag="020" ind1=" " ind2=" ">
    <subfield code="a">5942270619</subfield>
  </datafield>
  <datafield tag="040" ind1=" " ind2=" ">
    <subfield code="c">GE_BSU</subfield>
  </datafield>
  <datafield tag="080" ind1=" " ind2=" ">
    <subfield code="a">33(075.8)</subfield>
  </datafield>
  <datafield tag="245" ind1=" " ind2=" ">
    <subfield code="a">&#x411;&#x44E;&#x434;&#x436;&#x435;&#x442;&#x43D;&#x430;&#x44F;  &#x441;&#x438;&#x441;&#x442;&#x435;&#x43C;&#x430;  &#x420;&#x43E;&#x441;&#x441;&#x438;&#x439;&#x43A;&#x43E;&#x439;  &#x424;&#x435;&#x434;&#x435;&#x440;&#x430;&#x446;&#x438;&#x438;.</subfield>
  </datafield>
  <datafield tag="245" ind1=" " ind2=" ">
    <subfield code="b">&#x423;&#x447;&#x435;&#x431;&#x43D;&#x438;&#x43A; &#x434;&#x43B;&#x44F;  &#x441;&#x442;&#x443;&#x434;. &#x432;&#x44B;&#x441;&#x448;. &#x443;&#x447;&#x435;&#x431;. &#x437;&#x430;&#x432;&#x435;&#x434;.</subfield>
  </datafield>
  <datafield tag="245" ind1=" " ind2=" ">
    <subfield code="c">&#x41F;&#x43E;&#x434;. &#x440;&#x435;&#x434;.&#x41C;.&#x412;.  &#x420;&#x43E;&#x43C;&#x430;&#x43D;&#x43E;&#x432;&#x441;&#x43A;&#x43E;&#x433;&#x43E; &#x438; &#x41E;.&#x412;. &#x412;&#x440;&#x443;&#x431;&#x43B;&#x435;&#x432;&#x441;&#x43A;&#x438;&#x439;</subfield>
  </datafield>
  <datafield tag="250" ind1=" " ind2=" ">
    <subfield code="a">&#x418;&#x437;&#x434;. 2-&#x435;, &#x438;&#x441;&#x43F;&#x440;. &#x438; &#x43F;&#x435;&#x440;&#x435;&#x440;&#x430;&#x431;</subfield>
  </datafield>
  <datafield tag="260" ind1=" " ind2=" ">
    <subfield code="a">&#x41C;&#x43E;&#x441;&#x43A;&#x432;&#x430;</subfield>
  </datafield>
  <datafield tag="260" ind1=" " ind2=" ">
    <subfield code="b">&#x42E;&#x440;&#x430;&#x439;&#x442;</subfield>
  </datafield>
  <datafield tag="260" ind1=" " ind2=" ">
    <subfield code="c">2001</subfield>
  </datafield>
  <datafield tag="300" ind1=" " ind2=" ">
    <subfield code="a">615&#x441;.</subfield>
  </datafield>
  <datafield tag="541" ind1=" " ind2=" ">
    <subfield code="h">20&#x43B;.</subfield>
  </datafield>
  <datafield tag="653" ind1=" " ind2=" ">
    <subfield code="a">&#x411;&#x44E;&#x434;&#x436;&#x435;&#x442;&#x43D;&#x430;&#x44F; &#x441;&#x438;&#x441;&#x442;&#x435;&#x43C;&#x430;  &#x420;&#x43E;&#x441;&#x441;&#x438;&#x439;&#x441;&#x43A;&#x43E;&#x439;  &#x444;&#x435;&#x434;&#x435;&#x440;&#x430;&#x446;&#x438;&#x438;.</subfield>
  </datafield>
  <datafield tag="942" ind1=" " ind2=" ">
    <subfield code="c">BK</subfield>
  </datafield>
  <datafield tag="999" ind1=" " ind2=" ">
    <subfield code="c">35019</subfield>
    <subfield code="d">35019</subfield>
  </datafield>
  <datafield tag="952" ind1=" " ind2=" ">
    <subfield code="0">0</subfield>
    <subfield code="1">0</subfield>
    <subfield code="4">0</subfield>
    <subfield code="7">0</subfield>
    <subfield code="9">33277</subfield>
    <subfield code="d">2018-12-17</subfield>
    <subfield code="p">955</subfield>
    <subfield code="r">2018-12-17</subfield>
    <subfield code="w">2018-12-17</subfield>
    <subfield code="y">BK</subfield>
  </datafield>
</record>
